000 00358 a2200157 4500
001 50048
020 _a8534505152
040 _cAnchieta - Bela Vista
100 _aOliveira, Sueli Ferreira
240 1 0 _aO tesouro escondido
_lpor
245 1 0 _aO tesouro escondido
300 _a15
362 0 _a1998
650 4 _aLiteratura infanto-juvenil
942 _cBK
999 _c50048
_d50048